コンテンツを見る
Welcome to University of Aberdeen, Mumbai
Home
English
Deutsch
Español
Français
Italiano
日本語
Nederlands
Português
Português (Brasil)
中文(简体)
中文(繁體)
Türkçe
עברית
Gaeilge
Cymraeg
Ελληνικά
Català
Euskara
Русский
Čeština
Suomi
Svenska
polski
Dansk
slovenščina
اللغة العربية
বাংলা
Galego
Tiếng Việt
Hrvatski
हिंदी
Հայերէն
Українська
Sámegiella
Монгол
Māori
Sign In
全フィールド
タイトル
著者
主題
請求記号
ISBN/ISSN
タグ
検索
詳細検索
Multiagent systems
この資料を引用
この資料をSMS送信
この資料をメール
印刷
エクスポート
エクスポート先: RefWorks
エクスポート先: EndNoteWeb
エクスポート先: EndNote
お気に入りに追加
パーマネントリンク
Multiagent systems
保存先:
書誌詳細
第一著者:
Weiss, Gerhard
フォーマット:
図書
出版事項:
The MIT Press
タグ:
タグ追加
タグなし, このレコードへの初めてのタグを付けませんか!
所蔵
その他の書誌記述
コメント
類似資料
MARC表示
MARC
LEADER
00000nam a2200000Ia 4500
005
20260515061616.0
100
|a
Weiss, Gerhard
020
|a
9780262533874
942
|c
BK
245
|a
Multiagent systems
260
|b
The MIT Press
999
|c
37
|d
37
952
|0
0
|1
0
|4
0
|7
0
|a
ABDN
|b
ABDN
|d
2026-05-15
|l
0
|p
000096
|r
2026-05-15 06:16:16
|w
2026-05-15
|y
BK
類似資料
npj Health Systems
出版事項: (2026)
Learning Health Systems
出版事項: (2017)
Computational and Systems Oncology
出版事項: (2021)
Cognitive Computation and Systems
出版事項: (2020)
Complex & Intelligent Systems
出版事項: (2022)